Menguasai kemahiran teknikal studio foto

Bibliographic Details
Main Author: Giwanda, Griand
Other Authors: Nur Faridah Sharuddin
Format: Book
Published: Kuala Lumpur : Synergy Media , [s.n]
Edition:Ed. Bahasa Malaysia
Series:Siri kemahiran diri
Subjects:

MARC

LEADER 00000cam a2200000 7i4500
001 0000030899
005 20110413.0
008 110413
020 |a 9673220625 
090 0 0 |a 778.72   |b GIW 
100 0 |a Giwanda, Griand 
245 1 0 |a Menguasai kemahiran teknikal studio foto   |c Griand Giwanda S. Si ; diadaptasi oleh Nur Faridah Sharuddin 
246 1 0 |a Mastering technical skills for photography studio 
250 |a Ed. Bahasa Malaysia 
260 |a Kuala Lumpur :   |b Synergy Media ,   |c [s.n] 
440 |a Siri kemahiran diri 
650 0 |a Indoor photography 
650 0 |a Photography   |x Technique 
700 0 |a Nur Faridah Sharuddin 
999 |a 0001059897   |b Book   |c Adult Collection   |e Cawangan Kota Tinggi 
999 |a 0001059898   |b Book   |c Adult Collection   |e Perbadanan Perpustakaan Awam Johor 
999 |a 0001059899   |b Book   |c Adult Collection   |e Cawangan Urban Transformation Centre 
999 |a 0001201224   |b Book   |c Adult Collection   |e Cawangan Segamat 
999 |a 0001201226   |b Book   |c Adult Collection   |e Cawangan Tmn. Ungku Tun Aminah 
999 |a 0001201227   |b Book   |c Adult Collection   |e Cawangan Bukit Gambir 
999 |a 0001201228   |b Book   |c Adult Collection   |e Cawangan Pontian 
999 |a 0001201229   |b Book   |c Adult Collection   |e Cawangan Mersing 
999 |a 0001201231   |b Book   |c Adult Collection   |e Cawangan Tangkak 
999 |a 0001201232   |b Book   |c Adult Collection   |e Cawangan Muar 
999 |a 0001201233   |b Book   |c Adult Collection   |e Cawangan Bandar Tenggara 
999 |a 0001201234   |b Book   |c Adult Collection   |e Cawangan Kota Tinggi 
999 |a 0001201235   |b Book   |c Adult Collection   |e Cawangan Bandar Penawar 
999 |a 0001201237   |b Book   |c Adult Collection   |e Cawangan Bukit Gambir